[Event "Piura op"]
[Site "Piura"]
[Date "2013.??.??"]
[Round "2"]
[White "Garay Talledo, Ricardo"]
[Black "Quinones, Cesar Luis"]
[Result "1-0"]
[WhiteElo "1976"]
[BlackElo "2267"]
[PlyCount "75"]
[EventDate "2013.08.12"]
[EventType "swiss"]
[EventRounds "8"]
[EventCountry "PER"]
[SourceTitle "CBM 155 Extra"]
[Source "ChessBase"]
[SourceDate "2013.08.26"]
[SourceVersion "1"]
[SourceVersionDate "2013.08.26"]
[SourceQuality "1"]

1. e4 c5 2. Nf3 Nc6 3. d4 cxd4 4. Nxd4 Nf6 5. Nc3 d6 6. f3 g6 7. Be3 Bg7 8. Qd2 0-0 9. 0-0-0 Bd7 10. Kb1 Rc8 11. h4 h5 12. g4 Ne5 13. Bh6 Kh7 14. Bxg7 Kxg7 15. g5 Nh7 16. f4 Ng4 17. Bh3 Kg8 18. Nd5 e5 19. Nb3 Be6 20. Rhf1 exf4 21. Nxf4 Re8 22. Nxe6 Rxe6 23. Bxg4 hxg4 24. Qf4 Qe7 25. Qxg4 Rc4 26. Nd2 Rd4 27. c3 Ra4 28. b3 Ra5 29. Nc4 Rc5 30. Qf4 Rxe4 31. Qxd6 b5 32. Qxe7 Rxe7 33. Rd8+ Nf8 34. Nd6 Rxc3 35. Ne8 Rh3 36. Rc1 Rh2 37. Nf6+ Kg7 38. Rxf8 1-0

[Event "Piura op"]
[Site "Piura"]
[Date "2013.??.??"]
[Round "6"]
[White "Garay Talledo, Ricardo"]
[Black "Zata Gonzales, Daniel"]
[Result "1-0"]
[WhiteElo "1976"]
[BlackElo "1831"]
[PlyCount "113"]
[EventDate "2013.08.12"]
[EventType "swiss"]
[EventRounds "8"]
[EventCountry "PER"]
[SourceTitle "CBM 155 Extra"]
[Source "ChessBase"]
[SourceDate "2013.08.26"]
[SourceVersion "1"]
[SourceVersionDate "2013.08.26"]
[SourceQuality "1"]

1. e4 d5 2. exd5 Qxd5 3. d4 e5 4. Nf3 exd4 5. Nxd4 Bb4+ 6. c3 Bc5 7. Be3 Ne7 8. Nd2 Nf5 9. Nxf5 Bxf5 10. Bxc5 Qxc5 11. Nb3 Qe5+ 12. Be2 0-0 13. 0-0 Nc6 14. Re1 Rad8 15. Qc1 Rfe8 16. Bf3 Qb5 17. Qf4 Be6 18. Qxc7 Rc8 19. Bxc6 Qxc6 20. Qxc6 Rxc6 21. Nd4 Rb6 22. Re2 Kf8 23. Rae1 Rc8 24. Nxe6+ fxe6 25. Rc1 Rbc6 26. f3 b5 27. Rce1 Kf7 28. Re5 a6 29. Kf2 Rd8 30. R1e2 Kf6 31. a4 Rb8 32. axb5 axb5 33. R2e4 g6 34. f4 b4 35. c4 b3 36. c5 Rb5 37. Rc4 Ra5 38. Rc3 Rb5 39. Ke3 h6 40. h4 h5 41. Kd4 Ra5 42. g3 Ke7 43. Kc4 Ra4+ 44. Kxb3 Rd4 45. Rg5 Rd5 46. Kb4 Rxg5 47. hxg5 Kd7 48. Kb5 Rc8 49. c6+ Kc7 50. b4 Rd8 51. Ka4 Rd4 52. Ka5 e5 53. fxe5 Rd5+ 54. b5 Rxe5 55. Ka6 Rxg5 56. b6+ Kc8 57. c7 1-0